000 00307nam a22001217a 4500
020 _a978-93-91047-45-0
082 _a920/GHO
100 _aGhosh,Kunal
_983952
245 _aUnsung genius a life of jagadish chandra bose
260 _aNew delhi
_bAleph book company
_c2022
650 _aBiography
942 _cBK
999 _c68967
_d68967